Normal view
MARC view
Entry Personal Name
001 - CONTROL NUMBER
- control field: 12890
003 - CONTROL NUMBER IDENTIFIER
- control field: BD-DhEWU
005 - DATE AND TIME OF LATEST TRANSACTION
- control field: 20140622122849.0
008 - FIXED-LENGTH DATA ELEMENTS
- fixed length control field: 140622|| aca||aabn | a|a d
040 ## - CATALOGING SOURCE
- Original cataloging agency: BD-DhEWU
- Transcribing agency: BD-DhEWU
100 ## - HEADING--PERSONAL NAME
- Personal name: Fraser, G. S.
- Fuller form of name: (George Sutherland),
- Dates associated with a name: 1915-
670 ## - SOURCE DATA FOUND
- Source citation: Work cat.: (BD-DhEWU)4050: Fraser, G. S. (George Sutherland), 1915-, John Keats: Odes:, 1971.